000 00591nam a2200229Ia 4500
003 OSt
005 20220918214534.0
006 a|||||r|||| 00| 0
007 ta
008 220917b |||||||| |||| 00| 0 eng d
024 _a137,920
037 _cTextual
040 _aARTS
_cARTS
_beng
041 _2eng
_aeng
082 _aYxNHA:g, M8
100 _aWhite Slephen K
_9131662
245 0 _aRecent work of Jurgen Habermas
260 _aCambridge
_bCUP
_c1988
650 _aSOCIOLOGY
942 _hYxNHA:g, M8
_cTEXL
_2CC
999 _c260994
_d260994